[Event "31. Open Ciutat de Badalona"]
[Site "Badalona ESP"]
[Date "2005.08.05"]
[Round "5.5"]
[White "Barrett, Steve"]
[Black "Grigore, George-Gabriel"]
[Result "0-1"]
[WhiteElo "2181"]
[BlackElo "2479"]
[PlyCount "60"]
[EventDate "2005.08.01"]
[EventType "swiss"]
[EventRounds "9"]
[EventCountry "ESP"]
[Source "lmi"]
[SourceDate "2005.08.10"]

1. d4 Nf6 2. c4 g6 3. Nc3 Bg7 4. Bg5 d6 5. Nf3 h6 6. Bh4 g5 7. Bg3 Nh5 8. e3 c5
9. Be2 Nc6 10. d5 Nxg3 11. hxg3 Ne5 12. Nxe5 Bxe5 13. Bd3 Bd7 14. Qc2 Qa5 15.
Rc1 a6 16. O-O b5 17. Bf5 Bxf5 18. Qxf5 b4 19. Ne4 Bxb2 20. Rc2 Bg7 21. f4 gxf4
22. Qg4 O-O 23. Rxf4 Qa3 24. Rcf2 a5 25. Kh2 a4 26. Qh5 Qxe3 27. Rg4 b3 28.
axb3 axb3 29. Rf3 Qc1 30. Rf1 b2 0-1

[Event "31. Open Ciutat de Badalona"]
[Site "Badalona ESP"]
[Date "2005.08.06"]
[Round "6.2"]
[White "Grigore, George-Gabriel"]
[Black "Gonzalez, Yuri"]
[Result "1/2-1/2"]
[WhiteElo "2479"]
[BlackElo "2495"]
[PlyCount "39"]
[EventDate "2005.08.01"]
[EventType "swiss"]
[EventRounds "9"]
[EventCountry "ESP"]
[Source "lmi"]
[SourceDate "2005.08.10"]

1. d4 Nf6 2. c4 e6 3. Nc3 Bb4 4. Qc2 O-O 5. a3 Bxc3+ 6. Qxc3 b5 7. cxb5 c6 8.
Bg5 cxb5 9. e3 Bb7 10. Nf3 h6 11. Bxf6 Qxf6 12. Be2 Rc8 13. Qd2 a6 14. O-O Nc6
15. Rfc1 Qd8 16. Ne1 Na5 17. Qb4 d6 18. a4 Nc6 19. Qb3 Na5 20. Qb4 1/2-1/2

[Event "31. Open Ciutat de Badalona"]
[Site "Badalona ESP"]
[Date "2005.08.06"]
[Round "6.3"]
[White "Epishin, Vladimir"]
[Black "Fluvia Poyatos, Joan"]
[Result "1-0"]
[WhiteElo "2600"]
[BlackElo "2458"]
[PlyCount "115"]
[EventDate "2005.08.01"]
[EventType "swiss"]
[EventRounds "9"]
[EventCountry "ESP"]
[Source "lmi"]
[SourceDate "2005.08.10"]

1. d4 Nf6 2. c4 e6 3. Nf3 b6 4. Nc3 Bb7 5. Bg5 h6 6. Bh4 g5 7. Bg3 d6 8. Qd3
Nh5 9. d5 Qf6 10. Nd4 Nxg3 11. hxg3 Bg7 12. e3 a5 13. Be2 Nd7 14. Qc2 Nc5 15.
g4 Qg6 16. O-O-O Bxd4 17. exd4 Qxc2+ 18. Kxc2 Nd7 19. Bf3 e5 20. Be4 Ba6 21. b3
exd4 22. Ne2 Ne5 23. f3 Ke7 24. Nxd4 Bc8 25. Kc3 Kf6 26. Rh2 Bd7 27. Rdh1 Kg7
28. Bf5 Be8 29. g3 c5 30. dxc6 Bxc6 31. Nxc6 Nxc6 32. Rd1 Rad8 33. Rhd2 h5 34.
gxh5 Ne7 35. g4 Nxf5 36. gxf5 Rxh5 37. Rd5 Rh4 38. R1d4 Kf6 39. Rb5 Rxd4 40.
Kxd4 Rb8 41. a4 Ke7 42. b4 Ra8 43. bxa5 bxa5 44. Kd5 Kf6 45. Kxd6 Rd8+ 46. Kc7
Rd4 47. c5 Rxa4 48. c6 Rc4 49. Rxa5 Ke7 50. Re5+ Kf6 51. Rb5 Ke7 52. Re5+ Kf6
53. Rd5 Ke7 54. Kb6 Rb4+ 55. Kc5 Rb3 56. c7 Rxf3 57. Kb4 Rf4+ 58. Kb5 1-0

[Event "31. Open Ciutat de Badalona"]
[Site "Badalona ESP"]
[Date "2005.08.06"]
[Round "6.4"]
[White "Korneev, Oleg"]
[Black "Vehi Bach, Victor Manuel"]
[Result "1/2-1/2"]
[WhiteElo "2594"]
[BlackElo "2404"]
[PlyCount "120"]
[EventDate "2005.08.01"]
[EventType "swiss"]
[EventRounds "9"]
[EventCountry "ESP"]
[Source "lmi"]
[SourceDate "2005.08.10"]

1. e4 c5 2. Nf3 e6 3. d4 cxd4 4. Nxd4 Qb6 5. Nc3 Bc5 6. Be3 Nc6 7. Ndb5 Bxe3 8.
fxe3 Qxe3+ 9. Be2 Kf8 10. Qd6+ Nge7 11. Rd1 b6 12. Rf1 Qc5 13. Qxc5 bxc5 14.
Na4 Ng6 15. Nxc5 Ke7 16. c3 Nge5 17. Nd6 f6 18. b4 Rb8 19. a4 a5 20. b5 Nd8 21.
c4 Ndf7 22. Nxf7 Nxf7 23. Kf2 Ne5 24. Ke3 Bb7 25. Nb3 Ra8 26. c5 Rhb8 27. Rd6
Rc8 28. Rfd1 Rc7 29. h4 Rcc8 30. h5 h6 31. c6 dxc6 32. Nc5 cxb5 33. Nxb7 bxa4
34. R6d2 Rc3+ 35. Kf2 Rb8 36. Nd6 a3 37. Ra1 Rb2 38. Nb5 Rcb3 39. Nd4 Rb4 40.
Nc2 Rxe4 41. Rad1 a2 42. Na1 Reb4 43. Ke3 a4 44. Rxb2 Rxb2 45. Rd2 a3 46. Rc2
f5 47. Kd2 Kf6 48. Kc3 Rxc2+ 49. Nxc2 Kg5 50. Kb3 Ng4 51. Kxa2 e5 52. Kxa3 Kxh5
53. Ne3 Kg5 54. Nxg4 fxg4 55. g3 h5 56. Kb3 h4 57. gxh4+ Kxh4 58. Kc4 Kh3 59.
Kd5 g3 60. Bf1+ g2 1/2-1/2

[Event "31. Open Ciutat de Badalona"]
[Site "Badalona ESP"]
[Date "2005.08.06"]
[Round "6.5"]
[White "Fedorchuk, Sergey A"]
[Black "Granados Gomez, Manuel"]
[Result "1/2-1/2"]
[WhiteElo "2571"]
[BlackElo "2399"]
[PlyCount "130"]
[EventDate "2005.08.01"]
[EventType "swiss"]
[EventRounds "9"]
[EventCountry "ESP"]
[Source "lmi"]
[SourceDate "2005.08.10"]

1. e4 e5 2. Nf3 Nc6 3. Bb5 Nf6 4. d3 Bc5 5. O-O Nd4 6. Ba4 Nxf3+ 7. Qxf3 O-O 8.
Nc3 c6 9. Bb3 d6 10. Na4 Bb4 11. Bg5 Be6 12. Qg3 Bxb3 13. axb3 Nh5 14. Qg4 f6
15. Be3 g6 16. Qe6+ Rf7 17. d4 b5 18. Nc3 f5 19. Bh6 Ng7 20. Bxg7 Kxg7 21. dxe5
Qh8 22. exf5 gxf5 23. Nxb5 cxb5 24. Qd5 dxe5 25. Qxe5+ Kg8 26. Qxb5 Bd6 27.
Rfe1 Qxb2 28. Rad1 Bf8 29. Qc4 Qf6 30. g3 Rd8 31. Rxd8 Qxd8 32. b4 Qd2 33. Re8
Qd1+ 34. Kg2 Qd7 35. Rb8 Qc7 36. Rc8 Qxc4 37. Rxc4 Kg7 38. f4 Rd7 39. Kf3 Kf7
40. h3 Bd6 41. g4 Ke6 42. Rd4 fxg4+ 43. hxg4 Rc7 44. c4 Bxb4 45. g5 Bc3 46.
Re4+ Kf5 47. Re8 Rxc4 48. Rf8+ Kg6 49. Rd8 Rd4 50. Rg8+ Kf5 51. Rf8+ Ke6 52.
Rf6+ Kd5 53. Rf7 a5 54. Rxh7 a4 55. Ra7 Bb2 56. g6 a3 57. Rxa3 Ke6 58. Ra8 Kf6
59. Rg8 Bc1 60. f5 Bh6 61. Rh8 Kg5 62. Rh7 Rf4+ 63. Kg3 Rxf5 64. g7 Bxg7 65.
Rxg7+ Kf6 1/2-1/2

[Event "31. Open Ciutat de Badalona"]
[Site "Badalona ESP"]
[Date "2005.08.07"]
[Round "7.1"]
[White "Gonzalez Garcia, Jose"]
[Black "Epishin, Vladimir"]
[Result "1/2-1/2"]
[WhiteElo "2478"]
[BlackElo "2600"]
[PlyCount "32"]
[EventDate "2005.08.01"]
[EventType "swiss"]
[EventRounds "9"]
[EventCountry "ESP"]
[Source "lmi"]
[SourceDate "2005.08.10"]

1. d4 Nf6 2. c4 e6 3. Nc3 Bb4 4. e3 c5 5. Bd3 d5 6. Nf3 O-O 7. O-O b6 8. cxd5
exd5 9. Ne5 Bb7 10. a3 Bxc3 11. bxc3 Nc6 12. Nxc6 Bxc6 13. f3 Qd7 14. Rb1 cxd4
15. cxd4 Nh5 16. Ra1 Qd8 1/2-1/2

[Event "31. Open Ciutat de Badalona"]
[Site "Badalona ESP"]
[Date "2005.08.07"]
[Round "7.2"]
[White "Muñoz Pantoja, Miguel"]
[Black "Grigore, George-Gabriel"]
[Result "1/2-1/2"]
[WhiteElo "2474"]
[BlackElo "2479"]
[PlyCount "113"]
[EventDate "2005.08.01"]
[EventType "swiss"]
[EventRounds "9"]
[EventCountry "ESP"]
[Source "lmi"]
[SourceDate "2005.08.10"]

1. e4 c5 2. Nf3 Nc6 3. d4 cxd4 4. Nxd4 e5 5. Nb5 d6 6. N1c3 a6 7. Na3 Be6 8.
Nc4 b5 9. Ne3 Nf6 10. g3 b4 11. Ncd5 Nxe4 12. Bg2 f5 13. O-O Be7 14. Nxf5 Bxf5
15. Ne3 Bg6 16. Qd5 Rc8 17. Bxe4 Bf7 18. Qd3 Nd4 19. Nd5 Bxd5 20. Bxd5 Qa5 21.
Be4 Nxc2 22. Rb1 Qxa2 23. Bd2 Qc4 24. Rbc1 Qxd3 25. Bxd3 b3 26. Bxa6 Rc5 27.
Bc3 O-O 28. Bd3 Bf6 29. Bxc2 bxc2 30. Rxc2 d5 31. Re2 Re8 32. Rfe1 e4 33. Bxf6
gxf6 34. Rd2 Kf7 35. Red1 Ke6 36. b4 Rb5 37. Rd4 Ra8 38. f3 f5 39. g4 Ke5 40.
gxf5 e3 41. f4+ Kxf5 42. Kg2 e2 43. Re1 Re8 44. Kf2 Re4 45. Rxe4 dxe4 46. Rb1
Kxf4 47. Kxe2 Rh5 48. Rf1+ Ke5 49. b5 Rxh2+ 50. Ke3 Rh3+ 51. Ke2 Rb3 52. Rh1
Kd4 53. Rd1+ Ke5 54. Rh1 h5 55. Rxh5+ Kd4 56. Kd2 Kc4 57. Re5 1/2-1/2

[Event "31. Open Ciutat de Badalona"]
[Site "Badalona ESP"]
[Date "2005.08.07"]
[Round "7.3"]
[White "Narciso Dublan, Marc"]
[Black "Barrientos, Sergio"]
[Result "1-0"]
[WhiteElo "2476"]
[BlackElo "2433"]
[PlyCount "61"]
[EventDate "2005.08.01"]
[EventType "swiss"]
[EventRounds "9"]
[EventCountry "ESP"]
[Source "lmi"]
[SourceDate "2005.08.10"]

1. d4 Nf6 2. Nf3 e6 3. g3 b6 4. Bg2 Bb7 5. O-O Be7 6. c4 O-O 7. Re1 d5 8. cxd5
exd5 9. Nc3 Nbd7 10. Bf4 Nh5 11. Rc1 Nxf4 12. gxf4 Nf6 13. Qa4 a6 14. Red1 Re8
15. Ne5 Bf8 16. Qb3 Qd6 17. a3 Qe6 18. e3 Bd6 19. Ne2 Rac8 20. Rc2 Ne4 21. Ng3
Nxg3 22. hxg3 Bf8 23. Rdc1 c5 24. dxc5 Rxc5 25. Rxc5 Bxc5 26. Rxc5 bxc5 27.
Qxb7 Rd8 28. Nc6 Rf8 29. Bxd5 Qf6 30. Ne5 Qd8 31. g4 1-0

[Event "31. Open Ciutat de Badalona"]
[Site "Badalona ESP"]
[Date "2005.08.07"]
[Round "7.4"]
[White "Fluvia, Jordi"]
[Black "Flores Rios, Mauricio"]
[Result "1-0"]
[WhiteElo "2443"]
[BlackElo "2222"]
[PlyCount "115"]
[EventDate "2005.08.01"]
[EventType "swiss"]
[EventRounds "9"]
[EventCountry "ESP"]
[Source "lmi"]
[SourceDate "2005.08.10"]

1. e4 c5 2. Nf3 e6 3. d4 cxd4 4. Nxd4 a6 5. Bd3 Bc5 6. Nb3 Be7 7. O-O d6 8. c4
Nf6 9. Nc3 O-O 10. f4 Nbd7 11. Qf3 Qc7 12. Be3 b6 13. Rad1 Bb7 14. Qh3 Rac8 15.
Bb1 Rfd8 16. f5 exf5 17. Nd5 Bxd5 18. exd5 g6 19. Nd4 Ne5 20. b3 Ne4 21. Nxf5
gxf5 22. Qxf5 Nf6 23. Bg5 Ng6 24. Rde1 Re8 25. Bxf6 Bxf6 26. Qxf6 b5 27. Rc1
bxc4 28. Bxg6 hxg6 29. Rxc4 Qa7+ 30. Qf2 Qxf2+ 31. Kxf2 Rxc4 32. bxc4 Re4 33.
Rc1 Kg7 34. Kf3 f5 35. c5 dxc5 36. Rxc5 Ra4 37. Rc2 Kf6 38. Rd2 Ra3+ 39. Ke2
Ke7 40. d6+ Kd7 41. g3 Rc3 42. Kf2 Rc6 43. Ke3 Rxd6 44. Rxd6+ Kxd6 45. Kf4 Ke6
46. Kg5 Kf7 47. a4 a5 48. h3 Kg7 49. h4 Kf7 50. h5 gxh5 51. Kxf5 Kg7 52. Kg5 h4
53. Kxh4 Kh6 54. Kg4 Kg6 55. Kf4 Kg7 56. Kg5 Kh7 57. Kf5 Kh6 58. Kf6 1-0

[Event "31. Open Ciutat de Badalona"]
[Site "Badalona ESP"]
[Date "2005.08.07"]
[Round "7.5"]
[White "Granados Gomez, Manuel"]
[Black "Korneev, Oleg"]
[Result "0-1"]
[WhiteElo "2399"]
[BlackElo "2594"]
[PlyCount "127"]
[EventDate "2005.08.01"]
[EventType "swiss"]
[EventRounds "9"]
[EventCountry "ESP"]
[Source "lmi"]
[SourceDate "2005.08.10"]

1. d4 d5 2. Nf3 Nf6 3. e3 c6 4. c4 e6 5. Nbd2 c5 6. cxd5 exd5 7. Bb5+ Nc6 8.
Ne5 Qb6 9. Qa4 Bd7 10. dxc5 Bxc5 11. Nxd7 Nxd7 12. O-O O-O 13. Nb3 Bd6 14. Bd2
Qc7 15. h3 Nb6 16. Qh4 Be7 17. Qh5 Bf6 18. Bc3 g6 19. Qd1 Bxc3 20. bxc3 Rac8
21. Rc1 Rfd8 22. Nd4 Ne5 23. Be2 Nbc4 24. Qa4 a6 25. Bxc4 Nxc4 26. Qc2 b5 27.
Rfd1 Nb6 28. Qb3 Na4 29. Ne2 Nc5 30. Qa3 Qc6 31. Rd4 Ne6 32. Rd2 Qb7 33. Rcd1
Rc4 34. Nd4 Ra4 35. Qb2 Rc8 36. Nc2 Qc7 37. Nb4 Qxc3 38. Nxd5 Qxb2 39. Rxb2 Rd8
40. Ne7+ Kf8 41. Rxd8+ Nxd8 42. Nd5 Nc6 43. Kf1 Ne5 44. Ke2 Nc4 45. Rc2 Ra3 46.
Nc3 Ke7 47. Nb1 Ra5 48. Nd2 Ra4 49. Kd3 Nxd2 50. Rxd2 Kd6 51. Kc3+ Kc6 52. Kb3
a5 53. Rc2+ Kb6 54. Rc8 Rb4+ 55. Kc3 Rb1 56. Rf8 a4 57. Rxf7 a3 58. e4 b4+ 59.
Kc4 b3 60. Rf6+ Kc7 61. Rf8 Kb6 62. Kc3 Rb2 63. axb3 Ra2 64. Rf7 0-1

[Event "31. Open Ciutat de Badalona"]
[Site "Badalona ESP"]
[Date "2005.08.08"]
[Round "8.1"]
[White "Korneev, Oleg"]
[Black "Gonzalez Garcia, Jose"]
[Result "1/2-1/2"]
[WhiteElo "2594"]
[BlackElo "2478"]
[PlyCount "128"]
[EventDate "2005.08.01"]
[EventType "swiss"]
[EventRounds "9"]
[EventCountry "ESP"]
[Source "lmi"]
[SourceDate "2005.08.10"]

1. e4 e6 2. d4 d5 3. Nc3 Bb4 4. e5 c5 5. a3 Bxc3+ 6. bxc3 Ne7 7. Qg4 O-O 8. Bd3
f5 9. exf6 Rxf6 10. Bg5 Rf7 11. Qh5 g6 12. Qd1 Qa5 13. Bd2 Nbc6 14. Nf3 Qc7 15.
dxc5 e5 16. Ng5 Rf8 17. c4 e4 18. cxd5 exd3 19. d6 Qd8 20. dxe7 Qxe7+ 21. Be3
h6 22. Nf3 Kh7 23. Qxd3 Bh3 24. gxh3 Rxf3 25. O-O-O Rd8 26. Qb3 Rxd1+ 27. Rxd1
Rxh3 28. Rd6 Rxh2 29. Qd3 Rh1+ 30. Kb2 Qg7+ 31. c3 Ne5 32. Qd5 Rh5 33. Qe6 Qg8
34. Qe7+ Qg7 35. Qe6 Qg8 36. Qxg8+ Kxg8 37. Kb3 Kf7 38. Bd4 Rf5 39. a4 Nc6 40.
Kc4 Ne5+ 41. Bxe5 Rxe5 42. a5 h5 43. a6 bxa6 44. c6 Re7 45. Kd5 h4 46. Rd8 g5
47. Rh8 Kg7 48. Kd6 Rf7 49. Re8 Rf6+ 50. Kd7 Rf7+ 51. Kd8 Rf3 52. c7 Rxc3 53.
c8=Q Rxc8+ 54. Kxc8 Kf6 55. Kd7 Kf5 56. Kd6 Kf4 57. Kd5 Kf3 58. Rf8+ Kg2 59.
Ke4 h3 60. Rg8 h2 61. Rxg5+ Kxf2 62. Rh5 Kg2 63. Rg5+ Kf2 64. Rh5 Kg2 1/2-1/2

[Event "31. Open Ciutat de Badalona"]
[Site "Badalona ESP"]
[Date "2005.08.08"]
[Round "8.2"]
[White "Fedorchuk, Sergey A"]
[Black "Narciso Dublan, Marc"]
[Result "1/2-1/2"]
[WhiteElo "2571"]
[BlackElo "2476"]
[PlyCount "91"]
[EventDate "2005.08.01"]
[EventType "swiss"]
[EventRounds "9"]
[EventCountry "ESP"]
[Source "lmi"]
[SourceDate "2005.08.10"]

1. e4 e6 2. d4 d5 3. Nd2 c5 4. Ngf3 Nf6 5. e5 Ne4 6. c3 Nc6 7. dxc5 Nxc5 8. Nb3
Qc7 9. Bf4 f5 10. exf6 Qxf4 11. fxg7 Bxg7 12. Nxc5 O-O 13. Qd2 Qd6 14. Ne4 Qd8
15. Ng3 e5 16. Nh5 e4 17. Nd4 Bxd4 18. cxd4 Bg4 19. Be2 Bxh5 20. Bxh5 Qh4 21.
g4 Rf3 22. O-O Raf8 23. Rac1 Rd3 24. Qh6 Qf6 25. Qxf6 Rxf6 26. Rfd1 Rxd4 27.
Rxd4 Nxd4 28. Rc8+ Rf8 29. Rc7 Nf3+ 30. Kg2 d4 31. Rxb7 Ne1+ 32. Kg1 Nd3 33.
Rd7 Nf4 34. h4 d3 35. b4 Nh3+ 36. Kg2 Nxf2 37. g5 e3 38. Rxa7 Ne4 39. Re7 Rf2+
40. Kh3 Rf4 41. b5 e2 42. Re8+ Kg7 43. Re7+ Kg8 44. Re8+ Kg7 45. Re7+ Kg8 46.
Re8+ 1/2-1/2

[Event "31. Open Ciutat de Badalona"]
[Site "Badalona ESP"]
[Date "2005.08.08"]
[Round "8.3"]
[White "Grigore, George-Gabriel"]
[Black "Epishin, Vladimir"]
[Result "1/2-1/2"]
[WhiteElo "2479"]
[BlackElo "2600"]
[PlyCount "54"]
[EventDate "2005.08.01"]
[EventType "swiss"]
[EventRounds "9"]
[EventCountry "ESP"]
[Source "lmi"]
[SourceDate "2005.08.10"]

1. d4 d5 2. c4 e6 3. Nc3 Be7 4. cxd5 exd5 5. Bf4 Nf6 6. e3 O-O 7. Bd3 b6 8. Nf3
Bb7 9. h3 a6 10. Qb3 Re8 11. O-O Nbd7 12. Ne5 Nf8 13. Rac1 Bd6 14. Na4 Ne6 15.
Bh2 Qe7 16. Nf3 Bxh2+ 17. Kxh2 Ne4 18. Rc2 b5 19. Kg1 Qd6 20. Rfc1 bxa4 21.
Qxb7 Reb8 22. Qc6 Qxc6 23. Rxc6 Rxb2 24. R1c2 a3 25. Bxe4 dxe4 26. Nd2 Rab8 27.
Kh2 Rd8 1/2-1/2

[Event "31. Open Ciutat de Badalona"]
[Site "Badalona ESP"]
[Date "2005.08.08"]
[Round "8.4"]
[White "Gonzalez, Yuri"]
[Black "Fluvia, Jordi"]
[Result "1-0"]
[WhiteElo "2495"]
[BlackElo "2443"]
[PlyCount "123"]
[EventDate "2005.08.01"]
[EventType "swiss"]
[EventRounds "9"]
[EventCountry "ESP"]
[Source "lmi"]
[SourceDate "2005.08.10"]

1. e4 e6 2. d4 d5 3. e5 c5 4. c3 Nc6 5. Nf3 Bd7 6. Be2 Nge7 7. Na3 Ng6 8. h4
cxd4 9. cxd4 h6 10. h5 Bxa3 11. bxa3 Nge7 12. Rb1 Na5 13. O-O Bc6 14. Bd3 Nc4
15. Nh4 O-O 16. Bc2 f5 17. exf6 Rxf6 18. Qd3 Nf5 19. Nf3 Ncd6 20. g4 Ne4 21.
Ne5 Nh4 22. f3 Qa5 23. Be3 Raf8 24. fxe4 dxe4 25. Qb3 Bd5 26. Qb4 Qa6 27. Rxf6
gxf6 28. Ng6 Nxg6 29. hxg6 Qe2 30. Qd2 Qxg4+ 31. Qg2 Qxg2+ 32. Kxg2 Kg7 33. Bb3
Kxg6 34. Bxd5 exd5 35. Rxb7 Rc8 36. Rd7 Rc3 37. Kf2 h5 38. Rxd5 h4 39. Rc5 Rxa3
40. Rc2 h3 41. Re2 f5 42. Kg3 Rd3 43. Kf4 Kf6 44. Re1 Ra3 45. Rh1 Rxa2 46. Rxh3
Ke6 47. Rh6+ Kd5 48. Rh1 a5 49. Rc1 a4 50. Kxf5 a3 51. Rc5+ Kd6 52. Ra5 Ra1 53.
Kxe4 Kc6 54. d5+ Kd7 55. Ra7+ Kd6 56. Ra6+ Kd7 57. Ke5 Kc7 58. d6+ Kd7 59. Ra7+
Kc6 60. Rc7+ Kb5 61. d7 Rd1 62. Bd4 1-0

[Event "31. Open Ciutat de Badalona"]
[Site "Badalona ESP"]
[Date "2005.08.08"]
[Round "8.5"]
[White "Mela, Benjamin"]
[Black "Muñoz Pantoja, Miguel"]
[Result "1-0"]
[WhiteElo "2299"]
[BlackElo "2474"]
[PlyCount "83"]
[EventDate "2005.08.01"]
[EventType "swiss"]
[EventRounds "9"]
[EventCountry "ESP"]
[Source "lmi"]
[SourceDate "2005.08.10"]

1. e4 c5 2. Nf3 Nc6 3. d4 cxd4 4. Nxd4 e5 5. Nb5 d6 6. N1c3 a6 7. Na3 b5 8. Nd5
Nge7 9. c4 Nd4 10. Be3 Nxd5 11. cxd5 Be7 12. Bd3 O-O 13. O-O f5 14. Bxd4 exd4
15. exf5 Bxf5 16. Nc2 Bd7 17. Nxd4 Bf6 18. Ne6 Bxe6 19. dxe6 Qb6 20. Qb3 Kh8
21. Rae1 Rae8 22. Qd5 Qd4 23. Qf3 g6 24. b3 Be5 25. Qh3 Rf6 26. Re4 Qd5 27. Rh4
Re7 28. Rc1 Qa8 29. a4 Qf8 30. axb5 axb5 31. Bxb5 Rxf2 32. Bd7 Rf4 33. g3 Bd4+
34. Kh1 Rxh4 35. gxh4 Qf2 36. Rf1 Qa2 37. Qg2 Qa6 38. Qf3 Bg7 39. h5 gxh5 40.
Rc1 Bh6 41. Qf6+ Bg7 42. Qxe7 1-0

[Event "31. Open Ciutat de Badalona"]
[Site "Badalona ESP"]
[Date "2005.08.09"]
[Round "9.1"]
[White "Narciso Dublan, Marc"]
[Black "Gonzalez, Yuri"]
[Result "0-1"]
[WhiteElo "2476"]
[BlackElo "2495"]
[PlyCount "88"]
[EventDate "2005.08.01"]
[EventType "swiss"]
[EventRounds "9"]
[EventCountry "ESP"]
[Source "lmi"]
[SourceDate "2005.08.10"]

1. d4 Nf6 2. c4 e6 3. g3 c5 4. Nf3 cxd4 5. Nxd4 Nc6 6. Bg2 Qb6 7. Nc2 d5 8.
cxd5 exd5 9. O-O Be6 10. Nd2 Rd8 11. Nf3 d4 12. Nce1 Be7 13. Nd3 O-O 14. Bg5
Rfe8 15. Bxf6 Bxf6 16. Qd2 a5 17. Rfc1 Nb4 18. a3 Nxd3 19. exd3 Bf5 20. Re1 Qb5
21. Rxe8+ Rxe8 22. Re1 Rc8 23. Bf1 h6 24. Qf4 Bg6 25. Nxd4 Qxb2 26. Nf5 Kh7 27.
Nd6 Rc2 28. Nc4 Qc3 29. Re8 Rc1 30. Ne3 Bxd3 31. h4 Qa1 32. Kh2 Rxf1 33. Nxf1
Qxf1 34. h5 Qd1 35. g4 Qc2 36. a4 b5 37. Kg3 bxa4 38. g5 hxg5 39. Qb8 g6 40.
Qd6 Bg7 41. Qe7 Bb5 42. Rb8 Qc3+ 43. Kg2 Bc6+ 44. Kf1 Qd3+ 0-1

[Event "31. Open Ciutat de Badalona"]
[Site "Badalona ESP"]
[Date "2005.08.09"]
[Round "9.2"]
[White "Gonzalez Garcia, Jose"]
[Black "Mela, Benjamin"]
[Result "1/2-1/2"]
[WhiteElo "2478"]
[BlackElo "2299"]
[PlyCount "23"]
[EventDate "2005.08.01"]
[EventType "swiss"]
[EventRounds "9"]
[EventCountry "ESP"]
[Source "lmi"]
[SourceDate "2005.08.10"]

1. d4 Nf6 2. c4 c5 3. d5 b5 4. cxb5 a6 5. bxa6 g6 6. Nc3 Bxa6 7. e4 Bxf1 8.
Kxf1 d6 9. Nf3 Nbd7 10. g3 Bg7 11. Kg2 O-O 12. Ng1 1/2-1/2

[Event "31. Open Ciutat de Badalona"]
[Site "Badalona ESP"]
[Date "2005.08.09"]
[Round "9.3"]
[White "Almeida, Omar"]
[Black "Korneev, Oleg"]
[Result "0-1"]
[WhiteElo "2462"]
[BlackElo "2594"]
[PlyCount "93"]
[EventDate "2005.08.01"]
[EventType "swiss"]
[EventRounds "9"]
[EventCountry "ESP"]
[Source "lmi"]
[SourceDate "2005.08.10"]

1. d4 f5 2. Nc3 Nf6 3. Bg5 d5 4. Bxf6 exf6 5. e3 Be6 6. Bd3 Qd7 7. Qf3 Nc6 8.
a3 O-O-O 9. Nge2 Kb8 10. h4 g6 11. b4 Ne7 12. Nb1 Nc8 13. Nd2 Nd6 14. Nf4 Ne4
15. Rc1 Bf7 16. c4 Qa4 17. Nb1 dxc4 18. Bxe4 fxe4 19. Qxe4 g5 20. hxg5 fxg5 21.
Ne6 Bg6 22. Qf3 Re8 23. Nxg5 Be7 24. Ne6 Bxb4+ 25. axb4 Qxb4+ 26. Nc3 Rxe6 27.
O-O Rf8 28. Qd5 Rd6 29. Qe5 Re8 30. Qf4 a6 31. d5 Qc5 32. e4 b5 33. Rfd1 Rd7
34. e5 Rf7 35. Qg3 Rxe5 36. Qxe5 Qxf2+ 37. Kh1 Rf4 38. d6 Rh4+ 39. Qh2 cxd6 40.
Rf1 Rxh2+ 41. Kxh2 Qh4+ 42. Kg1 Kb7 43. Ne2 Qe4 44. Nf4 b4 45. Rcd1 Kc6 46. Rf2
c3 47. Rdd2 0-1

[Event "31. Open Ciutat de Badalona"]
[Site "Badalona ESP"]
[Date "2005.08.09"]
[Round "9.4"]
[White "Kononenko, Tatiana"]
[Black "Fedorchuk, Sergey A"]
[Result "0-1"]
[WhiteElo "2442"]
[BlackElo "2571"]
[PlyCount "48"]
[EventDate "2005.08.01"]
[EventType "swiss"]
[EventRounds "9"]
[EventCountry "ESP"]
[Source "lmi"]
[SourceDate "2005.08.10"]

1. d4 Nf6 2. c4 e6 3. Nf3 b6 4. Nc3 Bb7 5. a3 d5 6. cxd5 Nxd5 7. Qc2 c5 8. e4
Nxc3 9. bxc3 Be7 10. Bd3 Qc7 11. Qb1 Nd7 12. O-O O-O 13. Be3 Rfd8 14. Nd2 Rac8
15. e5 f5 16. exf6 Nxf6 17. h3 cxd4 18. cxd4 e5 19. Bc4+ Kh8 20. dxe5 Qxe5 21.
Qb5 Bc5 22. Rfe1 Rxd2 23. Bxd2 Qg3 24. Bd5 Bxf2+ 0-1

[Event "31. Open Ciutat de Badalona"]
[Site "Badalona ESP"]
[Date "2005.08.09"]
[Round "9.5"]
[White "Epishin, Vladimir"]
[Black "Barrientos, Sergio"]
[Result "1-0"]
[WhiteElo "2600"]
[BlackElo "2433"]
[PlyCount "105"]
[EventDate "2005.08.01"]
[EventType "swiss"]
[EventRounds "9"]
[EventCountry "ESP"]
[Source "lmi"]
[SourceDate "2005.08.10"]

1. d4 Nf6 2. Nf3 g6 3. g3 Bg7 4. Bg2 O-O 5. O-O d5 6. Nbd2 c5 7. dxc5 Na6 8.
Nb3 Ne4 9. Ng5 Nxg5 10. Bxg5 Bxb2 11. Rb1 Bg7 12. Qxd5 Qc7 13. c6 Rb8 14. Qa5
b6 15. Qb5 Re8 16. a4 e5 17. Rfd1 e4 18. Rd5 Be6 19. Bf4 Bxd5 20. Bxc7 Nxc7 21.
Qb4 Na6 22. Qb5 Nc7 23. Qb4 Na6 24. Qa3 Bxc6 25. e3 Bf8 26. Qa1 Nb4 27. Nd4 Bd7
28. Bf1 Rec8 29. Rd1 Bg4 30. Rd2 Bg7 31. Qb1 a5 32. c3 Bxd4 33. Rxd4 Rxc3 34.
Qxe4 Bf5 35. Qf4 Rbc8 36. g4 Be6 37. h4 R3c5 38. Rd6 Nc6 39. Ba6 Rf8 40. Be2
Kg7 41. Kg2 h6 42. Kg3 g5 43. Qe4 Rc8 44. h5 Re5 45. Qh1 Rc5 46. Qa1+ Kg8 47.
Qf6 Ne5 48. Qxh6 Nc4 49. Rxe6 fxe6 50. Qxe6+ Kf8 51. Qf6+ Ke8 52. h6 Nd2 53.
Qe6+ 1-0